Lịch sử tư tưởng Việt Nam; T1

Nội dung của tập sách này trình bày về lịch sử tư tưởng triết học và những tư tưởng có quan hệ mật thiết với tư tưởng triết học của dân tộc Việt Nam. Trong lịch sử, triết học tuy không phát triển nhưng Việt Nam đã có tư tưởng triê...

Deskribapen osoa

Gorde:
Xehetasun bibliografikoak
Egile nagusia: Nguyễn Tài Thư
Formatua: Liburua
Hizkuntza:Undetermined
Argitaratua: Hà Nội KHXH 1993
Gaiak:
Etiketak: Etiketa erantsi
Etiketarik gabe, Izan zaitez lehena erregistro honi etiketa jartzen!
Thư viện lưu trữ: Trung tâm Học liệu Trường Đại học Cần Thơ
LEADER 01176nam a2200181Ia 4500
001 CTU_22252
008 210402s9999 xx 000 0 und d
082 |a 181.19 
082 |b V305/T1 
100 |a Nguyễn Tài Thư 
245 0 |a Lịch sử tư tưởng Việt Nam; T1 
245 0 |c Nguyễn Tài Thư 
260 |a Hà Nội 
260 |b KHXH 
260 |c 1993 
520 |a Nội dung của tập sách này trình bày về lịch sử tư tưởng triết học và những tư tưởng có quan hệ mật thiết với tư tưởng triết học của dân tộc Việt Nam. Trong lịch sử, triết học tuy không phát triển nhưng Việt Nam đã có tư tưởng triết học của mình. Chủ nghĩa yêu nước là đặc trưng cơ bản nhất của lịch sử tư tưởng Việt Nam. Tư tưởng này được xem xét, hệ thống hóa và trình bày theo sự phát triển của lịch sử 
650 |a knowledge, theory of,philosophy, vietnamese 
980 |a Trung tâm Học liệu Trường Đại học Cần Thơ